000 00898nam a2200265Ia 4500
003 OSt
005 20220926021547.0
006 a|||||r|||| 00| 0
007 ta
008 220923b |||||||| |||| 00| 0 eng d
020 _a9211201535
037 _cGeneral Book
040 _aRTL
_cRTL
_beng
041 _2eng
_aeng
082 _aU2854.4.P, P3
110 _aUnited Nations, Government Of .... Economic And Social Commission For Asia And The Pacific
_9326440
245 0 _aGuidelines on participalory planning and managemen
260 _aNew York
_bUnited Nation U S A
_c2003
300 _a129p. Bib p. 122-29
_ccm.
490 _aWater Resources ,82
650 _aMeteorology
_9200073
700 _aUnited Nations, Government Of .... Economic And Social Commission For Asia And The Pacific
_9326441
942 _hU2854.4.P, P3
_cGB
_2CC
999 _c637119
_d637119